El Progreso matemático (Record no. 1691)

MARC details
000 -LEADER
campo de control de longitud fija 00800nas a2200229 i 4500
001 - NÚMERO DE CONTROL
campo de control 1691
003 - IDENTIFICADOR DE NÚMERO DE CONTROL
campo de control ES-MaACL
005 - FECHA Y HORA DE LA ÚLTIMA TRANSACCIÓN
campo de control 20250927154754.0
007 - CAMPO FIJO DE DESCRIPCIÓN FÍSICA--INFORMACIÓN GENERAL
campo de control de longitud fija t|
008 - DATOS DE LONGITUD FIJA--INFORMACIÓN GENERAL
campo de control de longitud fija 950801d18911900sp m| | 1 ||pa d
080 ## - NÚMERO DE LA CLASIFICACIÓN DECIMAL UNIVERSAL
Número de la Clasificación Decimal Universal 51
245 03 - MENCIÓN DEL TÍTULO
Título El Progreso matemático
Resto del título : periódico de matemáticas puras y aplicadas /
Mención de responsabilidad, etc. dir. Zoel G. de Galdeano.
260 ## - PUBLICACIÓN, DISTRIBUCIÓN, ETC.
Lugar de publicación, distribución, etc. Zaragoza :
Nombre del editor, distribuidor, etc. [El Progreso matemático],
Fecha de publicación, distribución, etc. 1891-1900? (
Fabricante Imp. C. Ariño)
300 ## - DESCRIPCIÓN FÍSICA
Extensión 3 v. ;
Dimensiones 22 cm.
310 ## - PERIODICIDAD ACTUAL
Periodicidad actual Mensual
362 0# - FECHAS DE PUBLICACIÓN Y/O DESIGNACIÓN SECUENCIAL
Fecha de publicación y/o designación secuencial Año 1, n. 1 (20 en. 1891)-año 5, [n. 55] (2. semestre 1895); 2. serie, año 1, n. 1 (mayo 1899)- [1900?]
650 17 - PUNTO DE ACCESO ADICIONAL DE MATERIA--TÉRMINO DE MATERIA
Término de materia o nombre geográfico como elemento de entrada Matemáticas
Fuente del encabezamiento o término embne
9 (RLIN) 14814
700 1# - ENTRADA AGREGADA--NOMBRE PERSONAL
Nombre de persona García de Galdeano, Zoel,
Fechas asociadas al nombre 1846-1924
9 (RLIN) 54429
852 ## - LOCALIZACIÓN
Ubicación ES-MaACL
Número de control de estantería G-6709-11
866 #0 - MENCIÓN TEXTUAL DE FONDOS--UNIDAD BIBLIOGRÁFICA BÁSICA
Fondos 1893-95.
Holdings
Estatus retirado Estado de pérdida Estado de daño No para préstamo Colección Biblioteca de origen Biblioteca actual Ubicación en estantería Fecha de adquisición Fuente de adquisición Total de préstamos Signatura topográfica completa Código de barras Visto por última vez Precio de reemplazo Tipo de ítem Koha
        Periódicos y Revistas Biblioteca del Ateneo de Madrid Biblioteca del Ateneo de Madrid Depósito 2 17/01/2008     G-6709-11 1001727 23/02/2023 23/02/2023 Revista